| 000 | 00370 a2200157 4500 | ||
|---|---|---|---|
| 000 | nam a22 7a 4500 | ||
| 001 | 1968 | ||
| 005 | 20260416092508.0 | ||
| 020 | _a9789352606627 | ||
| 100 | _aReddy Krishna | ||
| 110 | _aReddy Krishna | ||
| 245 | _aIndian History | ||
| 260 |
_bMcGrow Hill Book Company _c2017 |
||
| 264 |
_bMcGrow Hill Book Company _c2017 |
||
| 942 | _cBK | ||
| 999 |
_c1968 _d1968 |
||